000 00599nam a22002057a 4500
003 koha_MIRAKIL
005 20231213095647.0
008 231213b |||||||| |||| 00| 0 ||| d
020 _b978-9-75080673-5
040 _aTR-IsEVY
_btur
_cTR-IsEVY
082 _a813.42/YAŞ/F
100 _aYaşar Kemal, (Kemal Sadık Gökçeli), 1923 - 2015.
245 0 _aFiller sultanı ile kırmızı sakallı topal karınca
250 _a10. bs.
260 _bYapı Kredi,
_c2011
300 _a209 p.
650 _aTürk edebiyatı -- Roman.
650 _aTurkish literature -- Fiction.
942 _2ddc
_cBK
999 _c7339
_d7339